000
00267nam a2200109Ia 4500
001
1275884
005
20260417160436.0
008
260417s9999 xx 000 0 und d
020
_a
9786257854429
245
0
_a
Ayı Geldi
_c
Richard T. Morris
260
_b
Ketebe Çocuk
999
_c
1275884
_d
1275884